<?xml version="1.0" encoding="UTF-8"?>
<record
    xmlns:xsi="http://www.w3.org/2001/XMLSchema-instance"
    xsi:schemaLocation="http://www.loc.gov/MARC21/slim http://www.loc.gov/standards/marcxml/schema/MARC21slim.xsd"
    xmlns="http://www.loc.gov/MARC21/slim">

  <leader>00525nam a2200181Ia 4500</leader>
  <controlfield tag="008">230718s9999    xx            000 0 und d</controlfield>
  <datafield tag="020" ind1=" " ind2=" ">
    <subfield code="a">9783662015643</subfield>
  </datafield>
  <datafield tag="041" ind1=" " ind2=" ">
    <subfield code="a">eng</subfield>
  </datafield>
  <datafield tag="082" ind1=" " ind2=" ">
    <subfield code="a">612.78</subfield>
    <subfield code="b">FLA</subfield>
  </datafield>
  <datafield tag="100" ind1=" " ind2=" ">
    <subfield code="a">Flanagan J.L.</subfield>
    <subfield code="9">199411</subfield>
  </datafield>
  <datafield tag="245" ind1=" " ind2=" ">
    <subfield code="a">Speech Analysis Synthesis And Perception</subfield>
  </datafield>
  <datafield tag="250" ind1=" " ind2=" ">
    <subfield code="a">2nd ed.</subfield>
  </datafield>
  <datafield tag="260" ind1=" " ind2=" ">
    <subfield code="c">1983</subfield>
    <subfield code="b">Springer Verlag</subfield>
  </datafield>
  <datafield tag="300" ind1=" " ind2=" ">
    <subfield code="a">444</subfield>
    <subfield code="d">Ref 1581 C (54239)</subfield>
  </datafield>
  <datafield tag="365" ind1=" " ind2=" ">
    <subfield code="c">Rs.</subfield>
    <subfield code="b">6828.71</subfield>
  </datafield>
  <datafield tag="700" ind1=" " ind2=" ">
    <subfield code="a">Flanagan J.L.</subfield>
    <subfield code="9">199411</subfield>
  </datafield>
  <datafield tag="906" ind1=" " ind2=" ">
    <subfield code="d">O:0527625-Aug-2016B:SE/SI/324219-Aug-2016</subfield>
    <subfield code="c">COMP</subfield>
    <subfield code="b">1707.18</subfield>
  </datafield>
  <datafield tag="999" ind1=" " ind2=" ">
    <subfield code="c">343032</subfield>
    <subfield code="d">343032</subfield>
  </datafield>
  <datafield tag="952" ind1=" " ind2=" ">
    <subfield code="0">0</subfield>
    <subfield code="1">0</subfield>
    <subfield code="2">ddc</subfield>
    <subfield code="3">Ref 1581 C (54239)</subfield>
    <subfield code="4">0</subfield>
    <subfield code="7">3</subfield>
    <subfield code="a">CCEP</subfield>
    <subfield code="b">CCEP</subfield>
    <subfield code="d">2016-08-25</subfield>
    <subfield code="e">Suyog Enterprises</subfield>
    <subfield code="f">COMP</subfield>
    <subfield code="g">5121.53</subfield>
    <subfield code="i">SE/SI/3242</subfield>
    <subfield code="o">612.78</subfield>
    <subfield code="p">CCEP-BK-54239</subfield>
    <subfield code="r">2023-07-18 00:00:00</subfield>
    <subfield code="t">1707.18</subfield>
    <subfield code="v">6828.71</subfield>
    <subfield code="w">2016-08-19</subfield>
    <subfield code="y">BK</subfield>
    <subfield code="z">054239</subfield>
  </datafield>
</record>
